|
|
|
|
| LEADER |
00000cam a2200000 7i4500 |
| 001 |
0000000224 |
| 008 |
021118s1983 |
| 020 |
|
|
|a 085333342229
|
| 090 |
0 |
0 |
|a TA710
|b .D49 (j1)
|
| 245 |
0 |
0 |
|a Development in soil mechanics and foundation engineering 1
|b model studies
|c edited by P. K. Banerjee and R. Butterfield
|
| 260 |
2 |
|
|a London
|b Applied ;
|a New York
|b Applied Science Pubrs.
|c c1983
|
| 300 |
|
|
|a 266 p. ;
|c 23 cm.
|
| 440 |
|
0 |
|a Development series
|
| 650 |
|
0 |
|a Soil mechanics
|
| 700 |
0 |
|
|a Banerjee, P. K.
|e author
|
| 700 |
0 |
|
|a Butterfield, R.
|q (Roy)
|e author
|
| 999 |
|
|
|a 1000035477
|b Book
|c OPEN SHELF (30 DAYS)
|e Gong Badak Campus
|